|
|
|
|
| LEADER |
00786 a2200217 4500 |
| 999 |
|
|
|c 92490
|d 92490
|
| 020 |
|
|
|a 9780321773036
|
| 082 |
|
|
|a 006.663
|b Q3
|
| 245 |
|
|
|a OpenGL Programming guide:
|b the official guide to learning openGL, version4.3/
|c Dave Shreiner...[et al.].
|
| 250 |
|
|
|a 8th ed.
|
| 260 |
|
|
|a Boston:
|b Addison-Wesley,
|c 2013.
|
| 300 |
|
|
|a 935p.
|
| 504 |
|
|
|a Includes index.
|
| 650 |
|
|
|a Computer graphics.
|9 52893
|
| 650 |
|
|
|a OpenGL.
|9 52861
|
| 700 |
|
|
|a Sellers, Graham.
|9 52862
|
| 700 |
|
|
|a Kessenich, John.
|9 52863
|
| 700 |
|
|
|a Licea-Kane, Bill.
|9 52864
|
| 700 |
|
|
|a Shreiner, Dave
|9 52859
|
| 942 |
|
|
|c BK
|
| 952 |
|
|
|0 0
|1 0
|4 0
|5 0
|6 006_663000000000000_Q3
|7 0
|9 85045
|a MGUL
|b MGUL
|c GEN
|d 2016-10-03
|e CBD Bill No.010360 dated 29.03.2016
|g 4319.28
|l 0
|o 006.663 Q3
|p 55124
|r 2016-10-03
|y BK
|